000 01160nam0a22002771 4500
001 rc\4802118
005 20250612221157.0
021 _aRU
_b[62-46930]
035 _a(NLR Aleph) 008872881
090 _a8532868
_c8532868
100 _a20130426d1962 |||y0rusy50 ca
101 0 _arus
102 _aRU
105 _ay z |||||
200 1 _aСтенографический отчет
_fЗаседания Верховного Совета Удм. АССР пятого созыва (седьмая сессия) 8 янв. 1962 г.
210 _aИжевск
_cУдм. кн. изд-во
_d1962
215 _a108 с.
_d23
601 0 2 _aВерховный Совет Удмуртской АССР
_jЗаконы и постановления
_z1962
_2psbo
606 _aНароднохозяйственный план
_yУдмуртская АССР
_z1962
_2psbo
606 _aБюджет
_yУдмуртская АССР
_z1962
_2psbo
710 1 2 _aУдмуртская АССР. Верховный Совет. Созыв (5). Сессия (7)
801 0 _aRU
_bNLR
_gpsbo
801 1 _aRU
_bELAR
_2rusmarc
852 _aNLR
_j62-5/3338
942 _cBOOK
980 _aNB